000 00615cam a22001934a 4500
005 20250605164252.0
008 250528s ||||||||||||||||||||||||d
035 _a21784
020 _a9789608065949
040 _aGR-AtMCL
_bgre
_dGR-AtMCL
_eAACR2
245 1 _aΖΗΤΗΜΑΤΑ ΠΑΙΔΑΓΩΓΙΚΗΣ ΠΟΥ ΘΕΤΟΥΝ ΟΙ ΤΕΧΝΟΛΟΓΙΕΣ ΤΗΣ ΠΛΗΡΟΦΟΡΙΑΣ ΚΑΙ ΤΩΝ ΕΠΙΚΟΙΝΩΝΙΩΝ
250 _a1
260 _bΖυγός,
_c2012
300 _a277
700 1 _aΜπικος Κωνσταντινος Γ
_97706
942 _cBK
999 _c6843
_d6843